000 00583nam a2200217Ia 4500
003 OSt
005 20220928141436.0
006 a|||||r|||| 00| 0
007 ta
008 220927b |||||||| |||| 00| 0 eng d
024 _a15013
037 _cTextual
040 _aSDCL
_cSDCL
_beng
041 _2eng
_aeng
082 _aX:8:(S:44), L3
100 _aLuthand Fred
_9500154
245 0 _aOrganizational behavior
_b A modern behavioral approach to managemet
260 _c1973
942 _hX:8:(S:44), L3
_cTEXL
_2CC
999 _c817422
_d817422